| 000 | 00816cam a22003017a 4500 | ||
|---|---|---|---|
| 001 | 16241510 | ||
| 003 | OSt | ||
| 005 | 20140410092417.0 | ||
| 008 | 100519s2010 nyuo 000 0 eng | ||
| 010 | _a 2010929046 | ||
| 020 | _a9780545285049 | ||
| 040 |
_aDLC _cDLC _dDLC |
||
| 042 | _apcc | ||
| 050 | 0 | 0 |
_aPZ 7 _b.R585 2011 |
| 100 | 1 |
_aRiordan, Rick _920839 |
|
| 245 | 1 | 4 |
_aThe 39 clues : _bvespers rising / _cRick Riordan. |
| 246 | 3 | _aThirty nine clues | |
| 246 | 3 | _aBlack book of buried secrets | |
| 260 |
_aNew York : _bScholastic, _cc2010. |
||
| 300 |
_a184 p. : _c20 cm. |
||
| 521 | _aG4 | ||
| 526 | _c690 | ||
| 650 |
_aFiction _xJuvenile _930107 |
||
| 906 |
_a7 _bcbc _d4 _encip _f20 _gy-gencatlg |
||
| 942 |
_2lcc _cBK |
||
| 999 |
_c34979 _d34979 |
||